Corrientes fundamentales en psicoterapia

Bewaard in:
Bibliografische gegevens
Hoofdauteur: Kriz, Jürgen (Auteur)
Formaat: Boek
Taal:Spaans
Gepubliceerd in: Buenos Aires Amorrortu 1990
Editie:1a. ed
Reeks:Biblioteca de Psicología y Psicoanálisis
Onderwerpen:
Tags: Voeg label toe
Geen labels, Wees de eerste die dit record labelt!

MARC

LEADER 00000nam a2200000 a 4500
001 UCK3582
003 CL-VaPUC
008 050429e19900000AG |||||||||||||||||spa|d
020 |a 9505185103 
082 0 4 |a 616.8914  |b KRI  |2 21 
100 0 |a Kriz, Jürgen  |e author  |9 491682 
245 1 0 |a Corrientes fundamentales en psicoterapia 
250 |a 1a. ed 
300 |a 410 p 
942 |c BK 
945 |d 20050429 00:00:00  |a cmena 
260 |a Buenos Aires  |b Amorrortu  |c 1990 
650 0 |a Psicoanálisis   |9 265702 
650 7 |a PSICOTERAPIA  |2 CL-VaPUC  |9 491683 
583 |a last modification  |c 20050429 00:00:00  |k Rodrigo Vera 
490 0 |a Biblioteca de Psicología y Psicoanálisis 
999 |c 312708  |d 312706 
952 |0 0  |1 0  |4 0  |6 616_891400000000000_KRI_1990  |7 0  |8 A  |9 383384  |a BIBEDU  |b BIBEDU  |c ES_NOD  |d 2019-11-21  |i 4117565  |l 1  |o 616.8914 KRI 1990  |p 4117565  |r 2024-09-06  |s 2024-08-23  |w 2019-11-21  |y BK  |k PSI